| 000 | 00416 a2200133 4500 | ||
|---|---|---|---|
| 001 | 91352 | ||
| 082 | _aPR 1242 | ||
| 090 |
_c43473 _d43472 |
||
| 100 | _aMuhammad Amjad; Prof Khalid Pervaiz and Eubaid John (Advisors) | ||
| 245 |
_aDesign of Water Wheel for Power Generation taking Water From Main Supply Tank _n46 "A" EC |
||
| 260 |
_aKarachi _bNED University _c1997 |
||
| 300 | _a40p | ||
| 500 | _aBE Project Reports | ||
| 942 |
_aCAE NUST _kPR 1242 |
||
| 999 |
_c326425 _d326425 |
||